| 000 | 00573nam a2200181 i 4500 | ||
|---|---|---|---|
| 001 | 27611 | ||
| 003 | ES-MaACL | ||
| 007 | t| | ||
| 008 | 030115s1983 sp ||||1| spa d | ||
| 100 | 1 |
_aAraya, Guillermo. _922369 |
|
| 245 | 1 | 3 |
_aEl pensamiento de Américo Castro _b: estructura intercastiza de la historia de España / _cGuillermo Araya. |
| 260 |
_aMadrid : _bAlianza, _c[1983] |
||
| 300 |
_a328 p. ; _c20 cm. |
||
| 490 | 1 |
_aAlianza universidad ; _v348 |
|
| 830 | 0 |
_aAlianza universidad ; _v348 _9177276 |
|
| 852 |
_aES-MaACL _jL-5391 _bR.105870 |
||
| 999 |
_c27611 _d27611 |
||